000 00530nam a2200181Ia 4500
999 _c32372
_d32372
003 OSt
005 20200805122835.0
008 190216s9999||||xx |||||||||||||| ||und||
020 _a9788187134930
040 _coclc
082 _a519.5
_bMUK/M
100 _aMukhopadhyay, Parimal
_93954
245 0 _aMathematical Statistics /
_cParimal Mukhopadhyay
260 _bBooks And Allied Pvt Ltd,
_c2009.
_aKolkata:
300 _a1078p
650 _aMathematics
942 _cBK
_2ddc
_h519.5
_iMUK/M
_k519.5
_mMUK/M